| 000 | 00713nam a2200229 a 4500 | ||
|---|---|---|---|
| 003 | CO-ViMGA | ||
| 005 | 20230915232208.0 | ||
| 008 | 120518s2011 ck gr 00010 spa d | ||
| 020 | _a9789589969120 | ||
| 040 |
_aCO-ViMGA _bspa _cCO-ViMGA |
||
| 043 | _as-ck--- | ||
| 082 | 0 | 4 |
_aCo863.5 _bS45t7 _221 |
| 100 | 1 |
_aSilvestre, Luis Segundo de, _d1838-1887. _92030 |
|
| 245 | 1 | 0 |
_aTránsito / _cLuis Segundo de Silvestre. |
| 260 |
_aBogotá : _bDiente de León, _c2011. |
||
| 300 |
_a161 p. ; _c23 cm. |
||
| 490 | 0 | _aLa biblioteca del río | |
| 504 | _aIncluye bibliografías. | ||
| 650 | 1 | 4 |
_aNovela colombiana. _9588 |
| 651 | 4 |
_aMagdalena (Río, Colombia) _x Descripción _v Novela. _92031 |
|
| 942 |
_2ddc _cBK |
||
| 999 |
_c33677 _d33677 |
||